| 000 | 00366nam a2200145 a 4500 | ||
|---|---|---|---|
| 001 | 1608 | ||
| 003 | CDMR | ||
| 005 | 20130116135212.0 | ||
| 008 | 130130s2003||||||||||||||||||||||||||||d | ||
| 040 |
_aCDMR _bcat _cCDMR |
||
| 100 | 1 |
_aMontaner, Joaquím _91213 |
|
| 245 | 1 | 0 |
_aIluminación _cMONTANER, Joaquím |
| 260 |
_aBarcelona _c2003 _bCasanova Professional |
||
| 942 | _cMON | ||
| 999 |
_c1608 _d1608 |
||